000 00384nam a22001697a 4500
003 OSt
008 250416b |||||||| |||| 00| 0 eng d
020 _a9789359304311
082 _a658 PAP
100 _aPATEL,Bhavesh
245 _aProject Management
250 _a3rd Ed
260 _aNew Delhi
_bVikas
_c2024
300 _a808
650 _aProject Management
942 _2ddc
_cBK
999 _c13294
_d13294